00635nam a2200181 i 4500001000700000003000900007005001700016008004100033080001500074100003700089245010700126260006200233300002100295502003700316650002400353710005300377852002300430189989ES-MaACL20230906223618.0200304s1971 sp |||| | spa d a336.21.0321 aBorrás Rodríguez, Alegría.13aLa doble imposición : bproblemas jurídico-internacionales / cpor Alegría Borrás Rodríguez. aBarcelona : b[Universidad, Facultad de Derecho], c1971. a15 p. ; c24 cm. aTesis-Univ. Barcelona (Extracto) 4aDoble imposición.2 aUniversidad de Barcelona. bFacultad de Derecho.4 aES-MaACLjP-1414-9